Battles and leaders of the civil war. (Record no. 552989)
[ view plain ]
| 000 -LEADER | |
|---|---|
| fixed length control field | 00572cam a2200181 4500 |
| 082 ## - DEWEY DECIMAL CLASSIFICATION NUMBER | |
| Classification number | 973.7 |
| Author Mark | BAT |
| 245 00 - TITLE STATEMENT | |
| Title | Battles and leaders of the civil war. |
| 260 ## - PUBLICATION, DISTRIBUTION, ETC. | |
| Place of publication, distribution, etc. | New York : |
| Name of publisher, distributor, etc. | The Century Co., |
| Date of publication, distribution, etc. | [1887-88]. |
| 300 ## - PHYSICAL DESCRIPTION | |
| Extent | 4 v. : |
| Other physical details | ill., maps ; |
| Dimensions | 29 cm. |
| 526 ## - STUDY PROGRAM INFORMATION NOTE | |
| Program name | 0 |
| Interest level | 0 |
| Reading level | 0 |
| Title point value | 973_700000000000000_BAT |
| 526 ## - STUDY PROGRAM INFORMATION NOTE | |
| Program name | 0 |
| Interest level | 0 |
| Reading level | 0 |
| Title point value | 973_700000000000000_BAT |
| 526 ## - STUDY PROGRAM INFORMATION NOTE | |
| Program name | 0 |
| Interest level | 0 |
| Reading level | 0 |
| Title point value | 973_700000000000000_BAT |
| 650 ## - SUBJECT ADDED ENTRY--TOPICAL TERM | |
| Topical term or geographic name entry element | MCE |
| 9 (RLIN) | 379 |
| 700 1# - ADDED ENTRY--PERSONAL NAME | |
| Personal name | Buel, Clarence Clough, |
| 9 (RLIN) | 50263 |
| 700 1# - ADDED ENTRY--PERSONAL NAME | |
| Personal name | Johnson, Robert Underwood, |
| 9 (RLIN) | 50264 |
| 710 2# - ADDED ENTRY--CORPORATE NAME | |
| Corporate name or jurisdiction name as entry element | Century Company. |
| 9 (RLIN) | 50265 |
| 942 ## - ADDED ENTRY ELEMENTS (KOHA) | |
| Source of classification or shelving scheme | |
| Koha item type | Book |
| Withdrawn status | Lost status | Source of classification or shelving scheme | Damaged status | Not for loan | Permanent Location | Current Location | Shelving location | Date acquired | Total Checkouts | Full call number | Barcode | Date last seen | Price effective from | Koha item type |
|---|---|---|---|---|---|---|---|---|---|---|---|---|---|---|
| Military College of Engineering (MCE) | Military College of Engineering (MCE) | 01/28/2015 | 973.7 BAT | MCE-ECB/31 | 01/28/2015 | 01/28/2015 | Book | |||||||
| Military College of Engineering (MCE) | Military College of Engineering (MCE) | 01/28/2015 | 973.7 BAT | MCE-ECB/33 | 01/28/2015 | 01/28/2015 | Book | |||||||
| Military College of Engineering (MCE) | Military College of Engineering (MCE) | 01/28/2015 | 973.7 BAT | MCE-ECB/34 | 01/28/2015 | 01/28/2015 | Book |
